Mercadeo de servicios: un nuevo enfoque. Del operativo al perceptivo

Saved in:
Bibliografiske detaljer
Hovedforfatter: Cowell, Donald W (Author)
Format: Bog
Sprog:spansk
Udgivet: Bogotá Legis 1991
Udgivelse:1a. ed
Fag:
Tags: Tilføj Tag
Ingen Tags, Vær først til at tagge denne postø!

MARC

LEADER 00000cam a2200000 a 4500
001 UCD9026
003 CL-VaPUC
008 170602e19910000ck |||||||||||||||||spa|d
020 |a 9589042953 
082 0 4 |a 658.812  |b COW  |2 21 
100 0 |a Cowell, Donald W  |e author  |9 592698 
245 1 0 |a Mercadeo de servicios: un nuevo enfoque. Del operativo al perceptivo 
250 |a 1a. ed 
300 |a 354 p 
942 |c BK 
945 |d 20170602 23:29:00  |a dcastane 
260 |a Bogotá  |b Legis  |c 1991 
650 0 |a Clientes  |9 369499 
650 0 |a Planificación estratégica   |9 259735 
650 0 |a Gestión de la producción   |9 259467 
650 0 |a Gestión de servicios  |9 454827 
583 |a last modification  |c 20170602 23:29:00  |k Rodrigo Vera 
999 |c 368329  |d 368327